000 00584nam a2200193Ia 4500
003 GCL
008 140319s9999 xx 000 0 ara d
040 _aGCL /
_cGCL
082 0 4 _a617.7
_bح ك
100 1 _aمايرهوف, ماكس
245 1 0 _aكتاب العشرة مقالات فى العين المذسوب لحنين بن اسحق(264-194 ه) /
_cمايرهوف, ماكس
700 1 _aخال
260 _a[S.N] :
_bالمطبعة البولسية ،
_c1928
300 _a449 ص
490 _a
650 0 4 _aالطب
650 0 4 _aطب العيون
942 _2ddc
_cBK
999 _c31363
_d31363